LEADER 00959nam0 2200301 450 001 000000883 005 20050630115200.0 010 $a88-204-2885-7 100 $a--------d1991----km-y0itay50------ba 101 1 $aita 102 $aIT 200 1 $aGeografia del turismo$edallo spazio visitato allo spazio consumato$fJ.-P. Lozato-Giotart$gpresentazione di Candida Ciaccio 205 $a[3. ed.] 210 $a[Milano]$cFranco Angeli$d1991 215 $a229 p.$cill.$d23 cm 225 2 $aGeografia e società$v38 304 $aTit. orig.: Géographie du tourisme 314 $aTraduzione di Adriana Galvani 410 0$12001$aGeografia e società 610 1 $aTurismo 676 $a380.14 700 1$aLozato-Giotart,$bJean Pierre$0260756 702 1$aCiaccio,$bCandida 801 0$aIT $bUNIPARTHENOPE $gRICA $2UNIMARC 912 $a000000883 951 $cNAVA1$a380-G/1$b31210$d20000302 996 $aGeografia del turismo$993074 997 $aUNIPARTHENOPE